LDR 00692naa#a2200181#i#450# 001 EN\\bibl\111490 005 20260418134509.6 011 ## _a1994-4683 100 ## _a20240830b2024####ek#y0engy0150####ca 102 ## _aRU 200 1# _aOrganization of effective work with sponsors in the sports industry _eJournal article 210 1# _aMoscow _cNational State University of Physical Education, Sports and Health named after P.F. Lesgaft _d2024 215 ## _a4 с. 608 ## _aJournal article _2local 675 ## _aОрганизация и руководство спортом. 796.062 _z 700 #1 _aAlekseeva _gAnastasiya Sergeevna 700 #1 _aPresnyakov _gVitaliy Valer'evich 856 4# _auchzapiski.lesgaft.spb.ru _u